| 000 | 00820nmc a2200289 a 4500 | ||
|---|---|---|---|
| 003 | AR-BaBNM | ||
| 005 | 20251128203011.0 | ||
| 008 | 217019s1966 ||||||||||||||000 | spa|| | ||
| 040 | _cAR-BaBNM | ||
| 100 | 1 |
_aMondolfo, Rodolfo _d1877-1976 |
|
| 245 | 1 | 0 |
_aUniversidad _bpasado y presente |
| 260 |
_aBuenos Aires _bEudeba _c1966 |
||
| 300 | 0 | _a75 p. | |
| 490 | 0 |
_aCuadernos de Eudeba _vv. 154 |
|
| 500 | 0 | _aContiene referencias bibliográficas al final de cada capítulo | |
| 610 | 2 | 4 | _aUniversidad de París |
| 610 | 2 | 4 | _aUniversidad de Bolonia |
| 650 | 4 | _aUNIVERSIDADES | |
| 650 | 4 | _aHISTORIA DE LA EDUCACION | |
| 650 | 4 | _aESTADO Y EDUCACION | |
| 651 | 4 | _aEuropa | |
| 651 | 4 | _aAmérica Latina | |
| 653 | 0 | _aEDUCACION SUPERIOR | |
| 700 | 1 |
_aCaletti, Oberdan _erevisión |
|
| 942 | _cBK | ||
| 998 | _csilvi | ||
| 999 |
_c1459 _d1459 |
||